| 000 | 00521nam a2200169 i 4500 | ||
|---|---|---|---|
| 001 | 49056 | ||
| 003 | ES-MaACL | ||
| 005 | 20230906161856.0 | ||
| 007 | t| | ||
| 008 | 030707s1928 cu ||||1| spa d | ||
| 100 | 1 |
_aCorral y Alemán, José Isaac. _940730 |
|
| 245 | 1 | 0 |
_aNuevas fórmulas de transformación de coordenadas / _cpor José Isaac Corral y Alemán. |
| 260 |
_aHabana : _bRambla, Bouza y Cº, _c1928. |
||
| 300 |
_a191 p. ; _c24 cm. |
||
| 650 | 0 | 4 |
_aRelatividad (Física) _916793 |
| 852 |
_aES-MaACL _j1719-F-10 |
||
| 999 |
_c49056 _d49056 |
||